| 000 | 01168nam a2200277 i 4500 | ||
|---|---|---|---|
| 003 | CSPC | ||
| 005 | 20241207160213.0 | ||
| 008 | 241205s2021 nyua b 001 0 eng d | ||
| 020 | _a9781984646255 | ||
| 040 |
_cCSPC _aCSPC _beng _erda |
||
| 082 | 0 | 4 |
_a005.1 _bEn86 _223 |
| 245 | 0 | 0 |
_aEntrepreneur's guide : _bsoftware development service. |
| 264 | 1 |
_aNew York : _b3G E-Learning, _c2021. |
|
| 300 |
_a253 pages : _bcolor illustrations ; _c26 cm. |
||
| 336 |
_atext _2rdacontent |
||
| 337 |
_aunmediated _2rdamedia |
||
| 338 |
_avolume _2rdacarrier |
||
| 504 | _aIncludes bibliographical references and index. | ||
| 505 | 0 | _aSoftware development -- Professional software developer -- Building a developer ecosystem strategy -- Application programming interfaces -- Web pages with HTML -- Testing our software -- Maintaining and improving your software. | |
| 650 | 0 | _aSoftware development. | |
| 650 | 0 | _aComputer software industry. | |
| 650 | 0 |
_aInformation technology _vManagement. |
|
| 710 | 0 | _a3G E-Learning. | |
| 942 |
_2ddc _n0 _cBK _e23 _h005.1 _iEn86 _kCIR _m2021 |
||
| 999 |
_c28537 _d28537 |
||